000 005870000a22001810004500
003 MACL
005 20160611142349.0
008 160611b xxu||||| |||| 00| 0 eng d
040 _aMACL
_cMACL
041 _aHindi
082 _a891.431
100 _aशर्मा, रामकृष्‍ण
_954747
245 _aगुरूनानक महाकाव्‍य
_cरामकृष्‍ण शर्मा
260 _bराजस्‍थान प्रकाशन
_c1989
_aजयपुर
350 _a95
650 _aPoetry
_964373
942 _cHIN
_k891.431
_2ddc
999 _c29403
_d29403